=LDR 00000nam 2200000 4500 =001 NUTBA000000000004303 =005 20150119153905.0 =006 =007 =008 =020 ##$$a 978-979-29-0346-1 =035 ##$$0010-091400000000336 =040 ##$$a Ind =082 ##$$a 658.3 =090 ##$$a 658.3$bIke m =100 ##$$a Ike Kusdiyah Rachmawati =245 ##$$a Manajemen sumber daya manusia$cIke Kusdyah Rachmawati =260 ##$$a Jogjakarta$bAndi$2008 =300 ##$$a 183 hlm.$c23 cm. =650 ##$$a Manajemen $xSumber daya manusia =850 ##$$a NBPDMAT =990 ##$$a21403966 =990 ##$$a 0001/BPAP-NTB/20142014 =990 ##$$a 0001/BPAP-NTB/20142014 =990 ##$$a 0001/BPAP-NTB/20142015 =990 ##$$a 88818881